Principal as lead learner.

As principal, there is opportunity to be a lead learner and to engage students in dialogue about their education as well as be a positive role model in active learning.

Bibliographic Details
Format: Video
Language:English
Language Notes:Closed-captions in English.
Published: Thousand Oaks, California, United States : Corwin Press, [2015]
Series:Putting FACES on the data ; 53.
Subjects:
Online Access:Connect to this streaming video

MARC

Tag First Indicator Second Indicator Subfields
LEADER 00000cgm a2200000Mi 4500
001 in00005509213
006 m o c
007 vz |za|||
007 cr |za||||||||
008 150526r20152013cau--- f o vueng d
005 20241105202519.9
035 |a (OCoLC)ocn958929050 
040 |a UAB  |b eng  |e rda  |e pn  |c UAB  |d OCLCO  |d OCLCF  |d OCLCQ  |d OCLCO  |d SGPBL  |d OCLCQ  |d U3W  |d NRC  |d OCLCQ  |d OCLCA  |d OCLCO  |d AZK 
019 |a 1316547957  |a 1319451790  |a 1354791730 
020 |a 9781506313504  |q (streaming video) 
020 |a 1506313507  |q (streaming video) 
035 |a (OCoLC)958929050  |z (OCoLC)1316547957  |z (OCoLC)1319451790  |z (OCoLC)1354791730 
041 0 |j eng 
050 4 |a LB2806 
082 0 4 |a 371.2  |2 23 
049 |a TXAM 
245 0 0 |a Principal as lead learner. 
264 1 |a Thousand Oaks, California, United States :  |b Corwin Press,  |c [2015] 
264 4 |c ©2012 
300 |a 1 online resource (1 video file (56 sec.)) :  |b sound, colour 
336 |a two-dimensional moving image  |b tdi  |2 rdacontent 
337 |a computer  |b c  |2 rdamedia 
338 |a online resource  |b cr  |2 rdacarrier 
344 |a digital  |2 rda 
347 |a data file  |2 rda 
490 1 |a Putting FACES on the data ;  |v 53 
500 |a Previously issued: 2013. 
511 0 |a Presenter, James Bond. 
520 8 |a As principal, there is opportunity to be a lead learner and to engage students in dialogue about their education as well as be a positive role model in active learning. 
521 |a Specialized. 
546 |a Closed-captions in English. 
588 0 |a Online resource; title from home page (viewed on June 5, 2015). 
650 0 |a Educational leadership. 
650 0 |a School principals. 
650 6 |a Leadership en éducation. 
650 6 |a Directeurs d'école. 
650 7 |a principals (educators)  |2 aat 
650 7 |a Educational leadership.  |2 fast  |0 (OCoLC)fst00903527 
650 7 |a School principals.  |2 fast  |0 (OCoLC)fst01107681 
655 2 |a Webcast 
655 7 |a Internet videos.  |2 fast  |0 (OCoLC)fst01750214 
655 7 |a Nonfiction television programs.  |2 fast  |0 (OCoLC)fst01710270 
655 7 |a Nonfiction television programs.  |2 lcgft 
655 7 |a Internet videos.  |2 lcgft 
655 7 |a Émissions télévisées autres que de fiction.  |2 rvmgf 
655 7 |a Vidéos sur Internet.  |2 rvmgf 
700 1 |a Bond, James,  |e on-screen presenter. 
830 0 |a Putting FACES on the data ;  |v 53. 
856 4 0 |u http://proxy.library.tamu.edu/login?url=https://sk.sagepub.com/video/principal-as-lead-learner  |z Connect to this streaming video  |t 0 
955 |a SAGE Video Education 
994 |a 92  |b TXA 
999 f f |s 1d1ff5fd-d0ae-47c7-aa57-e7cf98448ca5  |i a1d12f41-1cd3-4b15-8415-aa742b5c2c8b  |t 0 
952 f f |a Texas A&M University  |b College Station  |c Electronic Resources  |d Available Online  |t 0  |e LB2806   |h Library of Congress classification 
998 f f |a LB2806   |t 0  |l Available Online